000 00344nam a22001217a 4500
020 _a0321303474
082 _222
_a005.72
100 _aShea, Dave and Holzchlag, Molly E.
245 _aThe zen of CSS desing :
_bvisual enlightenment web /
260 _aCalifornia,
_bNew Riders,
_cc2005.
300 _avii, 296p. ;
_bill. ;
_c23 cm.
942 _2ddc
_cIT
999 _c1299
_d1299